000 00410nam a2200193Ia 4500
001 12842
003 GE_BSU
008 181216s||||||||xx |||||||||||||| ||und||
020 _a9780752897509
040 _cGE_BSU
080 _a821.111-31
100 _aBinchy,Maeve.
245 _aHeart and Soul.
260 _aLondon.
260 _c2008
300 _a551p;24cm.
653 _aHeart and Soul.
942 _cBK
999 _c46012
_d46012